ਕੁਦਰਤ ਨਾਦ (Record no. 1229788)

MARC details
000 -LEADER
fixed length control field 00738nam a2200217Ia 4500
003 - CONTROL NUMBER IDENTIFIER
control field OSt
005 - DATE AND TIME OF LATEST TRANSACTION
control field 20251222120050.0
008 - FIXED-LENGTH DATA ELEMENTS--GENERAL INFORMATION
fixed length control field 241129s9999||||xx |||||||||||||| ||und||
037 ## - SOURCE OF ACQUISITION
Stock number TB
040 ## - CATALOGING SOURCE
Original cataloging agency CRL
Language of cataloging pun
Transcribing agency CRL
041 ## - LANGUAGE CODE
Language code of text/sound track or separate title pun
Source of code pun
084 ## - COLON CLASSIFICATION NUMBER
Classification number O153,1x 168R3
Assigning agency CRL
100 ## - MAIN ENTRY--PERSONAL NAME
Personal name ਸੋਢੀ, ਪਰਮਿੰਦਰ, ਚ।
9 (RLIN) 858456
245 #0 - TITLE STATEMENT
Title ਕੁਦਰਤ ਨਾਦ
Statement of responsibility, etc. ਸੋਢੀ, ਪਰਮਿੰਦਰ, ਚ।
260 ## - PUBLICATION, DISTRIBUTION, ETC.
Place of publication, distribution, etc. ਅਮ੍ਰਿਤਸਰ, ਭਾਰਤ
Name of publisher, distributor, etc. ਅਮ੍ਰਿਤਸਰ ਸੰਚਲ ਪਬਲੀਕੇਸ਼ਨ
Date of publication, distribution, etc. 2023
300 ## - PHYSICAL DESCRIPTION
Extent 106ਪ੍ਰ0
365 ## - TRADE PRICE
Price type code INR
Price amount 595
650 ## - SUBJECT ADDED ENTRY--TOPICAL TERM
Topical term or geographic name entry element Punjabi LiteraturePoetry
9 (RLIN) 726276
942 ## - ADDED ENTRY ELEMENTS (KOHA)
Koha item type Textbook
Classification part O153,1x 168R3
Source of classification or shelving scheme Colon Classification (CC)
Suppress in OPAC No
Holdings
Withdrawn status Lost status Source of classification or shelving scheme Damaged status Not for loan Home library Current library Date acquired Source of acquisition Cost, normal purchase price Inventory number Total Checkouts Full call number Barcode Date last seen Price effective from Koha item type
    Colon Classification (CC)     Central Library Central Library 2024-11-29 H.K. Prakashan 595.00 1616 & 08/01/2024   O153,1x 168R3 CL1680591 2024-11-29 2024-11-29 Textbook
Copyright @ Delhi University Library System